| 000 | 00830nas a2200289 4500 | ||
|---|---|---|---|
| 001 | BR2014002094 | ||
| 003 | BR-BrBNA | ||
| 005 | 20231205123919.0 | ||
| 007 | ta | ||
| 008 | 230509b bl.|||p| |||| 00| 00por d | ||
| 040 |
_aBR-BrBNA _bpor _cBiblioteca Nacional de Agricultura |
||
| 041 | _a(Pt) | ||
| 072 | _aE21 | ||
| 100 | 1 | _aKawano, B.R. | |
| 100 | 1 | _aMores, G. de V. | |
| 100 | 1 | _aSilva, R.F. da | |
| 100 | 1 | _aCugnasca, C.E. | |
| 245 | 1 | _aIndustria de laticínios: eficiência é a chave da competitividade | |
| 650 | _aLEITE | ||
| 650 | _aINDÚSTRIA AGRÍCOLA | ||
| 650 | _aPRODUÇÃO | ||
| 650 | _aCRESCIMENTO | ||
| 650 | _aELETRICIDADE | ||
| 773 | 0 |
_tAgroanalysis (Brazil) _xISSN 0100-4298 _g(Dec 2013), V. 33(12) p. 20-21 _wBR2014002094 |
|
| 909 |
_a202311 _bLúcia _c55 _dLúcia Elande |
||
| 942 |
_2AGRIS _n0 _cANA |
||
| 999 |
_c236352 _d236352 |
||